[Event "AUT-chT2M 1314"]
[Site "Austria"]
[Date "2014.04.06"]
[Round "11.5"]
[White "Wiesinger, Robert"]
[Black "Hatzl, Stefan"]
[Result "1-0"]
[WhiteElo "2245"]
[BlackElo "2175"]
[PlyCount "89"]
[EventDate "2013.10.04"]
[EventType "team-tourn"]
[EventRounds "11"]
[EventCountry "AUT"]
[SourceTitle "EXT 2015"]
[Source "ChessBase"]
[SourceDate "2014.11.20"]
[SourceVersion "1"]
[SourceVersionDate "2014.11.20"]
[SourceQuality "1"]
[WhiteTeam "Steyregg"]
[BlackTeam "Fuerstenfeld"]
[WhiteTeamCountry "AUT"]
[BlackTeamCountry "AUT"]

1. e4 c5 2. Nf3 d6 3. Bb5+ Bd7 4. Bxd7+ Qxd7 5. 0-0 Nc6 6. Qe2 e5 7. c3 Nge7 8. Rd1 Ng6 9. d4 Qc7 10. b4 cxb4 11. d5 Nb8 12. cxb4 Be7 13. Be3 0-0 14. Na3 Qd7 15. Rac1 f5 16. Qb5 f4 17. Bd2 a6 18. Qxd7 Nxd7 19. Be1 Rfc8 20. Nd2 Kf7 21. f3 Bd8 22. Nb3 Ne7 23. Nc4 Bc7 24. Nca5 b6 25. Nc6 Nb8 26. Nxe7 Kxe7 27. Rc2 Ra7 28. Rdc1 Kd7 29. Bf2 Rb7 30. a4 Rg8 31. a5 b5 32. Bb6 Bd8 33. Kf2 g5 34. Rc6 h5 35. h3 g4 36. hxg4 hxg4 37. fxg4 Ke7 38. Rc8 Nd7 39. Bxd8+ Rxd8 40. Rxd8 Kxd8 41. Rc6 Ke7 42. Rxa6 Rc7 43. Rc6 Ra7 44. g5 Kf7 45. Rxd6 1-0

[Event "AUT-chT2M 1314"]
[Site "Austria"]
[Date "2014.04.05"]
[Round "10.5"]
[White "Hatzl, Stefan"]
[Black "Lentrodt, Thomas"]
[Result "1/2-1/2"]
[WhiteElo "2175"]
[BlackElo "2252"]
[PlyCount "72"]
[EventDate "2013.10.04"]
[EventType "team-tourn"]
[EventRounds "11"]
[EventCountry "AUT"]
[SourceTitle "EXT 2015"]
[Source "ChessBase"]
[SourceDate "2014.11.20"]
[SourceVersion "1"]
[SourceVersionDate "2014.11.20"]
[SourceQuality "1"]
[WhiteTeam "Fuerstenfeld"]
[BlackTeam "Grieskirchen/Sedda"]
[WhiteTeamCountry "AUT"]
[BlackTeamCountry "AUT"]

1. Nf3 d5 2. c4 c6 3. b3 Bf5 4. g3 h6 5. Bg2 e6 6. 0-0 Nf6 7. Bb2 Be7 8. d3 0-0 9. Nbd2 Nbd7 10. a3 a5 11. Rc1 Bh7 12. Rc2 Ne8 13. Qa1 Bd6 14. Rfc1 Qe7 15. cxd5 exd5 16. Nf1 Nc5 17. Nd4 Ne6 18. Ne3 Nxd4 19. Bxd4 Bxa3 20. Bc5 Bxc5 21. Rxc5 Qd8 22. Qa3 Qb6 23. Ra1 Nd6 24. Rxa5 Rxa5 25. Qxa5 Qxb3 26. Qc5 Qb2 27. Ra4 Qe5 28. Ra7 Re8 29. Bf3 Bg6 30. Kg2 Bh7 31. h4 h5 32. Ra4 Qe7 33. Qc3 Qe5 34. Qc5 Qe7 35. Qc3 Nb5 36. Qb2 Nd6 1/2-1/2

[Event "AUT-chT2M 1314"]
[Site "Austria"]
[Date "2014.03.23"]
[Round "8.4"]
[White "Ly, Dominik"]
[Black "Hatzl, Stefan"]
[Result "1-0"]
[WhiteElo "1872"]
[BlackElo "2175"]
[PlyCount "89"]
[EventDate "2013.10.04"]
[EventType "team-tourn"]
[EventRounds "11"]
[EventCountry "AUT"]
[SourceTitle "EXT 2015"]
[Source "ChessBase"]
[SourceDate "2014.11.20"]
[SourceVersion "1"]
[SourceVersionDate "2014.11.20"]
[SourceQuality "1"]
[WhiteTeam "Freistadt/Wartberg"]
[BlackTeam "Fuerstenfeld"]
[WhiteTeamCountry "AUT"]
[BlackTeamCountry "AUT"]

1. e4 e6 2. d4 d5 3. Nc3 Nf6 4. Bg5 Bb4 5. e5 h6 6. Bd2 Bxc3 7. bxc3 Ne4 8. Qg4 Kf8 9. Qf4 Nxd2 10. Qxd2 c5 11. h4 c4 12. Rh3 Nd7 13. Qf4 Ke8 14. Qg4 Rg8 15. f4 Qe7 16. Qf3 Kd8 17. h5 Kc7 18. a4 a5 19. f5 Nb6 20. f6 gxf6 21. exf6 Qd6 22. Qe3 Bd7 23. Qxh6 Nxa4 24. Qe3 Rae8 25. Nf3 e5 26. dxe5 Qxf6 27. Rh4 Qb6 28. Qxb6+ Nxb6 29. Rxa5 Bg4 30. Be2 Bxf3 31. Bxf3 Rxe5+ 32. Kf2 f5 33. Rd4 Kc6 34. h6 Rh8 35. Rh4 Re6 36. h7 Re7 37. Rh6+ Kc7 38. Rc5+ Kb8 39. Rxb6 Rhxh7 40. Bxd5 Re5 41. Rcb5 Ka7 42. Rxb7+ Rxb7 43. Rxb7+ Ka6 44. Rd7 Kb5 45. Bf7 1-0

[Event "Steyr Landesliga 1314"]
[Site "Austria"]
[Date "2013.11.23"]
[Round "4.4"]
[White "Schieder, Andreas"]
[Black "Hatzl, Stefan"]
[Result "0-1"]
[WhiteElo "2136"]
[BlackElo "2175"]
[PlyCount "74"]
[EventDate "2013.09.28"]
[EventType "team-tourn"]
[EventRounds "11"]
[EventCountry "AUT"]
[SourceTitle "EXT 2015"]
[Source "ChessBase"]
[SourceDate "2014.11.20"]
[SourceVersion "1"]
[SourceVersionDate "2014.11.20"]
[SourceQuality "1"]
[WhiteTeam "Pinggau Friedberg"]
[BlackTeam "Fuerstenfeld"]
[WhiteTeamCountry "AUT"]
[BlackTeamCountry "AUT"]

1. e4 e6 2. d3 d5 3. Nd2 Nf6 4. Qe2 c5 5. g3 Nc6 6. Ngf3 Be7 7. Bg2 0-0 8. 0-0 b5 9. Re1 b4 10. e5 Nd7 11. h4 a5 12. Nf1 Ba6 13. Bf4 Qb6 14. N1h2 c4 15. dxc4 Bxc4 16. Qd1 Rfc8 17. Ng5 h6 18. Nh3 Qd4 19. Qc1 Kf8 20. b3 Ba6 21. Bxh6 Ncxe5 22. c4 bxc3 23. Be3 Qb4 24. Qd1 Nd3 25. Qh5 Nf6 26. Qh8+ Ng8 27. a3 Qxb3 28. Nf3 Nxe1 29. Rxe1 Bf6 30. Bf4 Qxa3 31. Nhg5 c2 32. Qh5 Bxg5 33. Nxg5 Ra7 34. Nh7+ Ke7 35. Rxe6+ fxe6 36. Qg5+ Kd7 37. Qxg7+ Qe7 0-1

[Event "Steyr Landesliga 1314"]
[Site "Austria"]
[Date "2013.10.19"]
[Round "2.4"]
[White "Birk, Steffen"]
[Black "Hatzl, Stefan"]
[Result "1-0"]
[WhiteElo "2244"]
[BlackElo "2175"]
[PlyCount "105"]
[EventDate "2013.09.28"]
[EventType "team-tourn"]
[EventRounds "11"]
[EventCountry "AUT"]
[SourceTitle "EXT 2015"]
[Source "ChessBase"]
[SourceDate "2014.11.20"]
[SourceVersion "1"]
[SourceVersionDate "2014.11.20"]
[SourceQuality "1"]
[WhiteTeam "Graz Schachfreunde"]
[BlackTeam "Fuerstenfeld"]
[WhiteTeamCountry "AUT"]
[BlackTeamCountry "AUT"]

1. e4 d6 2. d4 Nf6 3. Nc3 e5 4. dxe5 dxe5 5. Qxd8+ Kxd8 6. Nf3 Bd6 7. Bg5 Be6 8. 0-0-0 Nbd7 9. Bb5 Kc8 10. Rhe1 a6 11. Bf1 h6 12. Bh4 Ne8 13. Nd2 b5 14. Nb3 c6 15. f3 Kc7 16. Kb1 g5 17. Bf2 Nef6 18. Ne2 a5 19. Ng3 a4 20. Nc1 Bb4 21. c3 Ba5 22. Nd3 Bb6 23. Bxb6+ Kxb6 24. Nb4 Rad8 25. Nf5 Bxf5 26. exf5 Nb8 27. c4 Rd4 28. Nc2 Rxd1+ 29. Rxd1 Kc5 30. cxb5 cxb5 31. Na3 b4 32. Rc1+ Kd4 33. Nc2+ Kc5 34. Ne3+ Kd4 35. Nc4 Nbd7 36. Nd6 Rf8 37. Bc4 e4 38. fxe4 Ke5 39. Nxf7+ Kxe4 40. Be6 b3 41. axb3 axb3 42. Re1+ Kf4 43. Rf1+ Ke3 44. Bxb3 Nc5 45. Be6 Nfe4 46. Kc2 Nxe6 47. Re1+ Kd4 48. fxe6 Rc8+ 49. Kd1 Nf2+ 50. Ke2 Ne4 51. Kf1 Nf6 52. Nxh6 Rc2 53. Nf5+ 1-0

[Event "AUT-chT2M 1314"]
[Site "Austria"]
[Date "2013.10.05"]
[Round "2.6"]
[White "Hatzl, Stefan"]
[Black "Schrittwieser, Herbert"]
[Result "1-0"]
[WhiteElo "2175"]
[BlackElo "2203"]
[PlyCount "77"]
[EventDate "2013.10.04"]
[EventType "team-tourn"]
[EventRounds "11"]
[EventCountry "AUT"]
[SourceTitle "CBM 156 Extra"]
[Source "ChessBase"]
[SourceDate "2013.10.22"]
[SourceVersion "1"]
[SourceVersionDate "2013.10.22"]
[SourceQuality "1"]
[WhiteTeam "Fuerstenfeld"]
[BlackTeam "Graz Austria"]
[WhiteTeamCountry "AUT"]
[BlackTeamCountry "AUT"]

1. Nf3 Nf6 2. c4 e6 3. g3 b6 4. Bg2 Bb7 5. 0-0 Be7 6. b3 0-0 7. Bb2 c5 8. e3 d5 9. Qe2 Nc6 10. Rd1 Qc7 11. Nc3 Rfd8 12. Rac1 dxc4 13. bxc4 Rac8 14. d4 Na5 15. Nb5 Qb8 16. d5 exd5 17. Be5 Qa8 18. Nc7 Rxc7 19. Bxc7 Rc8 20. cxd5 Bxd5 21. Be5 Qb7 22. Nh4 Bxg2 23. Nxg2 b5 24. Nf4 Nd7 25. Bxg7 f6 26. Nd5 Bd8 27. Bh6 Ne5 28. f4 Ng6 29. h4 f5 30. Bg5 Nc6 31. Rxc5 a6 32. Bxd8 Rxd8 33. h5 Nf8 34. Rxc6 Rxd5 35. Rxd5 Qxc6 36. Rxf5 Ne6 37. h6 Qc1+ 38. Kh2 Kh8 39. Re5 1-0

[Event "Steyr Landesliga 1314"]
[Site "Austria"]
[Date "2013.09.28"]
[Round "1.3"]
[White "Singer, Richard"]
[Black "Hatzl, Stefan"]
[Result "1/2-1/2"]
[WhiteElo "2238"]
[BlackElo "2175"]
[PlyCount "44"]
[EventDate "2013.09.28"]
[EventType "team-tourn"]
[EventRounds "11"]
[EventCountry "AUT"]
[SourceTitle "EXT 2015"]
[Source "ChessBase"]
[SourceDate "2014.11.20"]
[SourceVersion "1"]
[SourceVersionDate "2014.11.20"]
[SourceQuality "1"]
[WhiteTeam "Graz Schachamazonen"]
[BlackTeam "Fuerstenfeld"]
[WhiteTeamCountry "AUT"]
[BlackTeamCountry "AUT"]

1. d4 Nf6 2. Nf3 c5 3. dxc5 e6 4. a3 a5 5. c4 Bxc5 6. Nc3 0-0 7. e3 Nc6 8. Qc2 Qc7 9. Bd3 Ne5 10. Nxe5 Qxe5 11. Bd2 Qh5 12. Ne4 Nxe4 13. Bxe4 Ra7 14. 0-0 a4 15. Rfd1 f5 16. Bf3 Qh4 17. g3 Qe7 18. Bc3 d6 19. Qe2 b6 20. Bb4 Rc7 21. Qd2 Rd8 22. Rac1 Bd7 1/2-1/2

[Event "AUT-chT2M 1213"]
[Site "Austria"]
[Date "2013.04.19"]
[Round "9.5"]
[White "Hatzl, Stefan"]
[Black "Wiesinger, Robert"]
[Result "0-1"]
[WhiteElo "2183"]
[BlackElo "2244"]
[PlyCount "100"]
[EventDate "2012.10.19"]
[EventType "team-tourn"]
[EventRounds "11"]
[EventCountry "AUT"]
[SourceTitle "EXT 2014"]
[Source "ChessBase"]
[SourceDate "2013.11.20"]
[SourceVersion "1"]
[SourceVersionDate "2013.11.20"]
[SourceQuality "1"]
[WhiteTeam "Fuerstenfeld"]
[BlackTeam "Steyregg"]
[WhiteTeamCountry "AUT"]
[BlackTeamCountry "AUT"]

1. e4 e5 2. Nf3 Nc6 3. Bc4 Bc5 4. c3 Nf6 5. d3 0-0 6. Bg5 h6 7. Bh4 Be7 8. Bb3 d6 9. Nbd2 Re8 10. h3 Nh5 11. Bxe7 Qxe7 12. g3 Be6 13. Bxe6 Qxe6 14. Nh4 Nf6 15. Qf3 Rad8 16. g4 d5 17. Nf5 dxe4 18. dxe4 Ne7 19. Rg1 Nxf5 20. gxf5 Qd6 21. 0-0-0 Kh7 22. Rg3 Rg8 23. Qe2 a6 24. Nf3 Qxd1+ 25. Qxd1 Rxd1+ 26. Kxd1 Nxe4 27. Rg2 f6 28. Ke2 Rd8 29. Rg4 Nd6 30. Nh4 Kg8 31. b3 Kf7 32. c4 Nc8 33. f4 h5 34. Rg1 Rd4 35. Ng6 exf4 36. Kf3 Nd6 37. Nxf4 Nxf5 38. Nxh5 Rd2 39. Ke4 Re2+ 40. Kxf5 Re5+ 41. Kf4 Rxh5 42. Rg3 Rh4+ 43. Kf3 f5 44. Kf2 Rd4 45. Ke2 Kf6 46. Rg1 g5 47. Rg3 f4 48. Rg4 Kf5 49. Rg1 Re4+ 50. Kf2 Re3 0-1

[Event "AUT-chT2M 1213"]
[Site "Austria"]
[Date "2012.10.19"]
[Round "1.6"]
[White "Schueller, Ernst"]
[Black "Hatzl, Stefan"]
[Result "0-1"]
[WhiteElo "2214"]
[BlackElo "2183"]
[PlyCount "124"]
[EventDate "2012.10.19"]
[EventType "team-tourn"]
[EventRounds "11"]
[EventCountry "AUT"]
[SourceTitle "EXT 2013"]
[Source "ChessBase"]
[SourceDate "2012.11.22"]
[SourceVersion "1"]
[SourceVersionDate "2012.11.22"]
[SourceQuality "1"]
[WhiteTeam "Grieskirchen/Schallerbach"]
[BlackTeam "Fuerstenfeld"]
[WhiteTeamCountry "AUT"]
[BlackTeamCountry "AUT"]

1. Nf3 Nf6 2. g3 g6 3. Bg2 Bg7 4. 0-0 0-0 5. c4 d6 6. Nc3 Nc6 7. a3 e5 8. d3 Bg4 9. Nd5 Nxd5 10. cxd5 Ne7 11. Qb3 Rb8 12. Be3 c5 13. dxc6 bxc6 14. Qa4 Qd7 15. Rab1 Nd5 16. Bd2 Nb6 17. Qc2 c5 18. b3 h6 19. Kh1 Bh3 20. a4 Nd5 21. Qc4 Be6 22. Qc1 Kh7 23. Ne1 Bh3 24. Qc4 Bxg2+ 25. Nxg2 Nb4 26. f4 exf4 27. Rxf4 Nc6 28. Rbf1 Ne5 29. Qd5 Qe6 30. Ne3 Qxd5+ 31. Nxd5 Rxb3 32. Bc3 f5 33. Bxe5 Bxe5 34. R4f3 Ra3 35. Rb1 Rf7 36. g4 Rxa4 37. gxf5 gxf5 38. Kg2 Rd4 39. Ne3 f4 40. Nc4 Rg7+ 41. Kh1 Bf6 42. e4 Bg5 43. Re1 Re7 44. Kg2 d5 45. Nd6 dxe4 46. Nxe4 Kg6 47. Ra1 c4 48. Ra6+ Kg7 49. Nf2 cxd3 50. Nxd3 Red7 51. Nc5 Rd2+ 52. Kh3 R2d6 53. Rfa3 Rxa6 54. Rxa6 Rf7 55. Kg2 f3+ 56. Kf1 Be3 57. Nd3 Rb7 58. Ra1 Rb3 59. Rd1 Kf6 60. Ne1 Rb2 61. Rd3 Rf2+ 62. Kg1 Rg2+ 0-1

[Event "AUT-chT 1112"]
[Site "Austria"]
[Date "2012.04.19"]
[Round "8.6"]
[White "Schachinger, Mario"]
[Black "Hatzl, Stefan"]
[Result "1-0"]
[WhiteElo "2391"]
[BlackElo "2162"]
[PlyCount "61"]
[EventDate "2012.01.20"]
[EventType "team-tourn"]
[EventRounds "11"]
[EventCountry "AUT"]
[SourceTitle "EXT 2013"]
[Source "ChessBase"]
[SourceDate "2012.11.22"]
[SourceVersion "1"]
[SourceVersionDate "2012.11.22"]
[SourceQuality "1"]
[WhiteTeam "Maria Saal"]
[BlackTeam "Fuerstenfeld"]
[WhiteTeamCountry "AUT"]
[BlackTeamCountry "AUT"]

1. c4 Nf6 2. g3 g6 3. Bg2 Bg7 4. Nc3 0-0 5. e4 d6 6. Nge2 c5 7. 0-0 Nc6 8. d3 Bd7 9. h3 Ne8 10. Be3 Nc7 11. Qd2 Rb8 12. d4 cxd4 13. Nxd4 Nxd4 14. Bxd4 Bxd4 15. Qxd4 Ne6 16. Qxa7 Nc5 17. Nd5 e6 18. Nb6 Bc6 19. b4 Na4 20. Nxa4 Ra8 21. Qd4 Rxa4 22. a3 f5 23. e5 Bxg2 24. Kxg2 dxe5 25. Qxe5 Qb6 26. Rfd1 Qc6+ 27. Kg1 Qxc4 28. Rd7 Rf7 29. Rd8+ Rf8 30. Qf6 Rxd8 31. Qxd8+ 1-0

[Event "AUT-chT2M 1112"]
[Site "Austria"]
[Date "2011.10.23"]
[Round "3.5"]
[White "Enoeckl, Philipp"]
[Black "Hatzl, Stefan"]
[Result "1-0"]
[WhiteElo "2292"]
[BlackElo "2162"]
[PlyCount "62"]
[EventDate "2011.10.21"]
[EventType "team-tourn"]
[EventRounds "11"]
[EventCountry "AUT"]
[SourceTitle "EXT 2013"]
[Source "ChessBase"]
[SourceDate "2012.11.22"]
[SourceVersion "1"]
[SourceVersionDate "2012.11.22"]
[SourceQuality "1"]
[WhiteTeam "Steyregg"]
[BlackTeam "Fuerstenfeld"]
[WhiteTeamCountry "AUT"]
[BlackTeamCountry "AUT"]

1. d4 Nf6 2. c4 g6 3. Nc3 Bg7 4. e4 d6 5. Be2 0-0 6. Nf3 e5 7. 0-0 Nbd7 8. Re1 c6 9. Rb1 exd4 10. Nxd4 Re8 11. Bf1 Ng4 12. Qxg4 Bxd4 13. Qg3 Qf6 14. Be3 Bxe3 15. Rxe3 Ne5 16. Rd1 h5 17. f4 Ng4 18. Red3 Qd8 19. h3 Qb6+ 20. Rd4 Nf6 21. Kh2 Qxb2 22. Rxd6 Kg7 23. R1d2 Qa1 24. Rd1 Qb2 25. f5 h4 26. Qe3 Rxe4 27. Nxe4 Qe5+ 28. Kg1 Qxe4 29. Qxe4 Nxe4 30. Rd8 gxf5 31. Bd3 b5 1-0